Prashaskiy Karmachari Margdarshak (Record no. 922495)

MARC details
000 -LEADER
fixed length control field 00263nam a2200097Ia 4500
008 - FIXED-LENGTH DATA ELEMENTS--GENERAL INFORMATION
fixed length control field 231107s1993 xx 000 0 und d
041 ## - LANGUAGE CODE
Language code of text/sound track or separate title eng
100 ## - MAIN ENTRY--PERSONAL NAME
Personal name Jagatrao Sonawane
245 ## - TITLE STATEMENT
Title Prashaskiy Karmachari Margdarshak
260 ## - PUBLICATION, DISTRIBUTION, ETC.
Place of publication, distribution, etc. Dhule
Name of publisher, distributor, etc. Sonadipa Pub. Dhule
Date of publication, distribution, etc. 1993

No items available.